Zmeny v sociálnom poistení

Hlavné ciele novely zákona číslo 461/2003 Z.z. o sociálnom poistení v znení neskorších predpisov.

Salvato in:
Dettagli Bibliografici
Autore principale: Matulková, Mariana
Natura: Capitolo di libro
Lingua:slovacco
Soggetti:
Tags: Aggiungi Tag
Nessun Tag, puoi essere il primo ad aggiungerne!!

MARC

LEADER 00000naa a2200000 4500
001 0252155
005 20190322083847.8
041 0 |a slo 
044 |a SK 
245 1 0 |a Zmeny v sociálnom poistení  |c Mariana Matulková 
520 |a Hlavné ciele novely zákona číslo 461/2003 Z.z. o sociálnom poistení v znení neskorších predpisov. 
610 2 0 |a zákony 
610 2 0 |a poistenie sociálne 
610 2 0 |a Slovensko 
610 2 0 |a novelizácia 
100 1 |a Matulková, Mariana